[Event "Mittelrhein Verbandsliga West 1920"]
[Site "Mittelrhein"]
[Date "2019.09.29"]
[Round "1.4"]
[White "Hueskens, Gerd"]
[Black "Neuens, Heiko"]
[Result "0-1"]
[WhiteElo "1821"]
[BlackElo "1861"]
[PlyCount "52"]
[EventDate "2019.09.29"]
[EventType "team-tourn"]
[EventRounds "9"]
[EventCountry "GER"]
[SourceTitle "EXT 2023"]
[Source "ChessBase"]
[SourceDate "2022.10.05"]
[SourceVersion "1"]
[SourceVersionDate "2022.10.05"]
[SourceQuality "1"]
[WhiteTeam "Eschweiler SC"]
[BlackTeam "Bruehl II"]
[WhiteTeamCountry "GER"]
[BlackTeamCountry "GER"]

1. d4 Nf6 2. Nf3 c5 3. g3 cxd4 4. Nxd4 Nc6 5. Nxc6 bxc6 6. Bg2 g6 7. c4 Bg7 8. Nc3 0-0 9. 0-0 Qc7 10. Rb1 Bb7 11. e4 Rad8 12. Re1 d6 13. Be3 Rd7 14. Qa4 Ng4 15. Qxa7 Ra8 16. Qb6 Qxb6 17. Bxb6 c5 18. Rbd1 Bc6 19. Bh3 f5 20. exf5 gxf5 21. Nd5 Kf7 22. f3 Nh6 23. Re2 Bxd5 24. Rxd5 Rb7 25. Bxc5 dxc5 26. Rxc5 Bd4+ 0-1

[Event "Mittelrhein Verbandsliga-W 18/19"]
[Site "Nordrheinwestfalen"]
[Date "2019.05.05"]
[Round "10.3"]
[White "Neuens, Heiko"]
[Black "Spies, Ulrich"]
[Result "0-1"]
[WhiteElo "1880"]
[BlackElo "1877"]
[PlyCount "122"]
[EventDate "2018.09.02"]
[EventType "team-tourn"]
[EventRounds "11"]
[EventCountry "GER"]
[SourceTitle "EXT 2022"]
[Source "ChessBase"]
[SourceDate "2021.10.06"]
[SourceVersion "1"]
[SourceVersionDate "2021.10.06"]
[SourceQuality "1"]
[WhiteTeam "Bruehl III"]
[BlackTeam "Eschweiler SC"]
[WhiteTeamCountry "GER"]
[BlackTeamCountry "GER"]

1. c4 c5 2. Nc3 e5 3. g3 Nc6 4. Bg2 g6 5. d3 Bg7 6. e3 Nge7 7. Nge2 d6 8. 0-0 0-0 9. a3 Rb8 10. Rb1 Be6 11. Nd5 Qd7 12. Re1 Bh3 13. Bh1 Nxd5 14. cxd5 Ne7 15. Bd2 h6 16. Bc3 Kh7 17. Qd2 b6 18. f4 f6 19. b4 Rfc8 20. Rec1 Qd8 21. Ba1 Qg8 22. e4 Qd8 23. b5 Bd7 24. a4 Ra8 25. Nc3 a6 26. Rc2 axb5 27. axb5 Ra5 28. Ra2 Rca8 29. Rbb2 R8a7 30. Rxa5 Rxa5 31. Ra2 Qa8 32. Rxa5 Qxa5 33. Bb2 Nc8 34. Bf3 Bxb5 35. Qc2 Bd7 36. Kf2 b5 37. Bd1 Nb6 38. Ke2 b4 39. Nb1 Ba4 40. Qd2 Bxd1+ 41. Kxd1 Qa2 42. Kc1 Qb3 43. Qc2 Qxc2+ 44. Kxc2 exf4 45. gxf4 g5 46. f5 h5 47. Nd2 g4 48. Kd1 Kh6 49. Ke2 Kh7 50. Nb3 Na4 51. Bc1 Bh6 52. Bxh6 Kxh6 53. Nd2 Nc3+ 54. Ke3 Nb5 55. Kf4 Nd4 56. Nc4 b3 57. Nb2 Nf3 58. h3 Ne5 59. hxg4 hxg4 60. Nd1 Nxd3+ 61. Kxg4 Nf2+ 0-1

[Event "Bad Woerishofen op-A 35th"]
[Site "Bad Woerishofen"]
[Date "2019.03.15"]
[Round "1.9"]
[White "Hilwerda, Jonas"]
[Black "Neuens, Heiko"]
[Result "1-0"]
[WhiteElo "2279"]
[BlackElo "2020"]
[PlyCount "71"]
[EventDate "2019.03.15"]
[EventType "swiss"]
[EventRounds "9"]
[EventCountry "GER"]
[SourceTitle "EXT 2020"]
[Source "ChessBase"]
[SourceDate "2019.10.17"]
[SourceVersion "1"]
[SourceVersionDate "2019.10.17"]
[SourceQuality "1"]

1. e4 c5 2. Nf3 e6 3. d4 cxd4 4. Nxd4 Nc6 5. Nc3 a6 6. g3 Qc7 7. Bg2 Nf6 8. 0-0 h5 9. h3 Bc5 10. Be3 Ne5 11. Qe2 b5 12. f4 Nc4 13. e5 Nxe3 14. Qxe3 Nd5 15. Nxd5 exd5 16. Bxd5 Bb7 17. Bxb7 Qxb7 18. Rad1 Rc8 19. c3 b4 20. c4 a5 21. b3 a4 22. Qf3 Qb6 23. Qd5 axb3 24. axb3 0-0 25. Rf2 Ra8 26. Rfd2 Ra3 27. Qf3 g6 28. Kh1 Rfa8 29. Nb5 Ra2 30. Qg2 Ra1 31. Kh2 R8a2 32. Rxa1 Rxa1 33. Qf3 Bg1+ 34. Kg2 Be3 35. Re2 Bxf4 36. Rf2 1-0

[Event "Mittelrhein Verbandsliga-W 18/19"]
[Site "Nordrheinwestfalen"]
[Date "2018.12.16"]
[Round "5.3"]
[White "Neuens, Heiko"]
[Black "Wendland, Guido"]
[Result "1-0"]
[WhiteElo "1900"]
[BlackElo "1900"]
[PlyCount "91"]
[EventDate "2018.09.02"]
[EventType "team-tourn"]
[EventRounds "11"]
[EventCountry "GER"]
[SourceTitle "EXT 2022"]
[Source "ChessBase"]
[SourceDate "2021.10.06"]
[SourceVersion "1"]
[SourceVersionDate "2021.10.06"]
[SourceQuality "1"]
[WhiteTeam "Bruehl III"]
[BlackTeam "Brand SF"]
[WhiteTeamCountry "GER"]
[BlackTeamCountry "GER"]

1. c4 e5 2. Nc3 Nc6 3. Nf3 f5 4. d4 e4 5. Ng5 Be7 6. Nh3 Nf6 7. e3 b6 8. Be2 0-0 9. Nf4 Kh8 10. h4 Bd6 11. Nh3 Ne7 12. Nb5 Bb4+ 13. Bd2 Bxd2+ 14. Qxd2 Ba6 15. Nc3 d5 16. Nf4 Qd7 17. b3 Rfd8 18. h5 Rac8 19. Rd1 c5 20. dxc5 Rxc5 21. cxd5 Bxe2 22. Ncxe2 Nexd5 23. Nxd5 Rxd5 24. Nd4 f4 25. Qe2 Qd6 26. 0-0 Nxh5 27. Nf5 f3 28. Nxd6 fxe2 29. Rxd5 exf1Q+ 30. Kxf1 Kg8 31. Rd4 g6 32. Ke2 Ng7 33. Nxe4 Rc8 34. Nf6+ Kf7 35. Nxh7 Rc7 36. Ng5+ Kf6 37. Ne4+ Ke6 38. Kd2 Nf5 39. Rd8 Ke7 40. Rd3 Ke6 41. g4 Nh4 42. Ke2 Rc1 43. Rd6+ Ke7 44. Rd2 Ke6 45. Rd6+ Ke5 46. f4+ 1-0

[Event "Cologne Ford op"]
[Site "Cologne"]
[Date "2010.04.19"]
[Round "1"]
[White "Neuens, Heiko"]
[Black "Westphal, Gerhard"]
[Result "1-0"]
[WhiteElo "1925"]
[BlackElo "1406"]
[PlyCount "83"]
[EventDate "2010.04.19"]
[EventType "swiss"]
[EventRounds "7"]
[EventCountry "GER"]
[SourceTitle "EXT 2011"]
[Source "ChessBase"]
[SourceDate "2010.11.26"]
[SourceVersion "1"]
[SourceVersionDate "2010.11.26"]
[SourceQuality "1"]

1. e4 e5 2. Nf3 Nc6 3. Nc3 Nf6 4. d4 exd4 5. Nd5 d6 6. Nxd4 Nxd4 7. Qxd4 Nxd5 8. exd5 c5 9. dxc6 bxc6 10. Be2 Qb6 11. Qe4+ Be6 12. Be3 Qa5+ 13. c3 Qd5 14. Qf4 Be7 15. Bf3 Qb5 16. Qb4 d5 17. Qxb5 cxb5 18. Rd1 0-0 19. Bxd5 Bxd5 20. Rxd5 a6 21. Ke2 Rfd8 22. Rhd1 Rxd5 23. Rxd5 Rd8 24. Rxd8+ Bxd8 25. Kd3 Kf8 26. c4 Ke7 27. cxb5 axb5 28. b3 Kd6 29. a4 Kc6 30. Kc3 Be7 31. a5 Kb7 32. b4 Ka6 33. Bd2 Bf6+ 34. Kd3 Bd8 35. Bc3 g6 36. Ke4 Bc7 37. h3 Bh2 38. g3 h5 39. Kf3 h4 40. Kg2 hxg3 41. fxg3 Bxg3 42. Kxg3 1-0